Le paradis des autres

Αποθηκεύτηκε σε:
Λεπτομέρειες βιβλιογραφικής εγγραφής
Κύριος συγγραφέας: Grimaud, Michel
Άλλοι συγγραφείς: Gauthier, Alain, 1931-2020 (Εικονογράφος)
Μορφή: Βιβλίο
Γλώσσα:French
Δημοσίευση: Paris : Rageot , 1986.
Σειρά:Collection les Maitres de l'aventure ; 1066
Θέματα:
Ετικέτες: Προσθήκη ετικέτας
Δεν υπάρχουν, Καταχωρήστε ετικέτα πρώτοι!

MARC

LEADER 00000cam a2200000 i 4500
001 1/566
008 950704s1986 fr | ||| |||| ||fre||
020 |a 2700203879 
035 |l 10014128 
040 |a GR-MyUa  |b gre  |e AACR2 
041 0 |a fre 
082 7 |a 843   |2 (22) 
100 1 |a Grimaud, Michel. 
245 1 3 |a Le paradis des autres /   |c Michel Grimaud ; illustration Alain Gauthier. 
260 |a Paris :   |b Rageot ,   |c 1986. 
300 |a 188 σ. ;   |c 18 εκ. 
490 1 |a (Collection les Maitres de l'aventure ;   |v 1066) 
650 0 0 |a French fiction. 
650 0 0 |a Adventure stories, French. 
650 0 0 |a Children's stories, French. 
700 1 |a Gauthier, Alain,   |d 1931-2020,  |e ill 
830 0 |a Collection les Maitres de l'aventure ;  |v 1066 
852 |a INST  |b LESVOS  |e 19950704  |h 843 GRI  |p 005100008120  |q 005100008120  |t BK  |y 0 
922 |a 1ΕΛΗ  |b 199012  |c ΠΠ/109